| 000 | 00656nam a2200205 4500 | ||
|---|---|---|---|
| 003 | LK-CoMWRAF | ||
| 008 | 231004b1992 |||||||| |||| 00| 0 eng d | ||
| 020 | _a8185006296 | ||
| 040 |
_aLK-CoMWRAF _dLK-CoMWRAF _eLK-CoMWRAF |
||
| 041 | _aeng | ||
| 082 |
_a305.4 _bWOM |
||
| 111 |
_aSEMINAR ON WOMEN'S STUDIES _c( _dMarch,1989) |
||
| 245 |
_aWomen's resource and national development: _ba perspective |
||
| 260 |
_aNew Delhi: _bGaurav Publishing house, _c1992 |
||
| 300 | _a xii, 122 p. ; 22 cm. | ||
| 650 | _aWOMEN IN DEVELOPMENT-India-Congresses. | ||
| 650 | _aWomen--India--Social conditions | ||
| 700 |
_aChandrasekhar, Rajkumari _eed. |
||
| 942 | _cCP | ||
| 999 |
_c3778 _d3778 |
||